000 00385 a2200145 4500
005 20250625033928.0
020 _a978-0-07-310581-9
082 _a658.40 HAA
100 _aHAAG, S
245 _aInformation System Essentials
260 _aBoston
_bMcGraw-Hill Irwin,
_c2006.
300 _axv,462p.: ill.; figures
_bGlossary and Index
_c28cm
700 _aMaeve Cummings
942 _2ddc
_cBKS
999 _c4886
_d4886